000 01483naa a22003857a 4500
001 BR7602678
003 BR-BrBNA
005 20240918173841.0
007 ta
008 230509b bl.||||| |||| 00| 0 por d
040 _aBR-BrBNA
_bpor
_cBiblioteca Nacional de Agricultura
041 _a(Pt)
072 _aL36; L74
_b5000
_b3750
_b3790
090 _aL36 BR7602678
100 1 _aThonpson, D.J.
100 1 _aWerner, J.C.
111 1 _aSimposio Latino-Americano sobre Pesquisa em Nutricao Mineral de Ruminantes em Pastagens
_cBelo Horizonte, MG (Brazil)
_d22 Mar 1976
245 1 _aCalcio, fosforo e fluor na nutricao animal [Composicao de alimento; Disturbio animal; Animal domestico; Nutriente mineral]
260 3 _aBelo Horizonte, MG (Brasil):
_c1976.
500 _aSimposio latino-americano sobre pesquisa em nutricao animal de ruminantes em pastagens Belo Horizonte, MG (Brasil): 1976. p. 85-98 (BR7602678-AM)L36
650 _aComposicao de alimento
650 _aDisturbio animal
650 _aAnimal domestico
650 _aCalcio
650 _aFosforo
650 _aFluor
650 _aForragem
650 _aNutriente mineral
650 _aDeficiencia mineral
650 _aMacroelemento
650 _aAnalise quimica
773 0 _tSimposio latino-americano sobre pesquisa em nutricao animal de ruminantes em pastagens
_wL36 BR7602678
_gBelo Horizonte, MG (Brasil), 1976. p. 85-98
909 _a202404
_bLucia
_c55
_dLucia Elande
942 _cAM
_2AGRIS
999 _c307283
_d307283